| 000 | 00757cam a2200241 a 4500 | ||
|---|---|---|---|
| 003 | UPN | ||
| 005 | 20240511063833.0 | ||
| 008 | 191125s2019 mx a br 000 0 spa d | ||
| 020 | _a9786075511610 | ||
| 035 | _aUPN01000234206 | ||
| 040 |
_aMX-MxUPN _bspa _cMX-MxUPN |
||
| 050 | 4 |
_aLB1577 _bM61 2019 LL |
|
| 245 | 0 | 0 |
_aLengua materna : _bespañol : lecturas : primer grado |
| 250 | _aSegunda edición | ||
| 260 |
_aMéxico : _bSEP, Subsecretaría de Educación Básica , _c2019. |
||
| 300 |
_a127 páginas : _bilustraciones a color |
||
| 500 | _a"Ciclo escolar 2019-2020". | ||
| 650 | 4 |
_aEspañol _xEstudio y enseñanza (Elemental) _92806 |
|
| 650 | 7 |
_945583 _aLibros de lectura |
|
| 905 | _aLibro | ||
| 942 |
_2lcc _cLIBRO |
||
| 999 |
_c206301 _d206301 |
||